[Event "PRO League KO Stage 2018"]
[Site "San Francisco USA"]
[Date "2018.04.07"]
[Round "3"]
[White "Andriasian, Zaven"]
[Black "Zherebukh, Yaroslav"]
[Result "1-0"]
[WhiteTitle "GM"]
[BlackTitle "GM"]
[WhiteElo "2586"]
[BlackElo "2633"]
[WhiteTeam "Armenia Eagles"]
[BlackTeam "Saint Louis Arch Bishops"]
[WhiteFideId "13302000"]
[BlackFideId "14116804"]
[EventDate "2018.03.13"]

1. e4 e5 2. Nf3 Nf6 3. Nxe5 d6 4. Nf3 Nxe4 5. Nc3 Nxc3 6. dxc3 Be7 7. Be3 O-O 8.
Qd2 Qe8 9. O-O-O Qa4 10. Kb1 Nc6 11. h4 Re8 12. Nd4 Nxd4 13. cxd4 Be6 14. b3 Qa3
15. Qc3 a5 16. d5 Bf5 17. Bd4 a4 18. b4 Qxc3 19. Bxc3 a3 20. Bb5 Rec8 21. Bd3
Bd7 22. Rde1 Bf8 23. f3 c6 24. Kc1 cxd5 25. Kd2 g6 26. g4 Ra4 27. Rb1 Raa8 28.
Bd4 Bg7 29. Bxg7 Kxg7 30. Ke3 h6 31. Kd4 Re8 32. Rhe1 Rxe1 33. Rxe1 Be6 34. Rh1
Kf6 35. Rg1 Rh8 36. f4 Rd8 37. Rg3 b6 38. f5 gxf5 39. gxf5 Bc8 40. Kxd5 Bb7+ 41.
Kc4 Bc6 42. Kb3 Ra8 43. c4 d5 44. b5 dxc4+ 45. Bxc4 Be4 46. Kb4 Bxf5 47. Rf3 Ra7
48. Bd3 1-0

[Event "PRO League KO Stage 2018"]
[Site "San Francisco USA"]
[Date "2018.04.07"]
[Round "3"]
[White "Andriasian, Zaven"]
[Black "Akobian, Varuzhan"]
[Result "1/2-1/2"]
[WhiteTitle "GM"]
[BlackTitle "GM"]
[WhiteElo "2586"]
[BlackElo "2640"]
[WhiteTeam "Armenia Eagles"]
[BlackTeam "Saint Louis Arch Bishops"]
[WhiteFideId "13302000"]
[BlackFideId "13300580"]
[EventDate "2018.03.13"]

1. Nf3 Nf6 2. g3 b6 3. Bg2 Bb7 4. O-O e6 5. d3 d5 6. Nbd2 Be7 7. Re1 c5 8. c3
Nc6 9. e4 Qc7 10. Qe2 h6 11. h4 O-O-O 12. Nf1 dxe4 13. dxe4 Ng4 14. Bf4 Nge5 15.
Rad1 Rxd1 16. Rxd1 Rd8 17. Rxd8+ Kxd8 18. Nxe5 Nxe5 19. Qh5 Bd6 20. Bxe5 Bxe5
21. f4 Bd6 22. e5 Bf8 23. Qd1+ Kc8 24. Qa4 Bxg2 25. Kxg2 Qb7+ 26. Kf2 b5 27. Qd1
c4 28. Qf3 Bc5+ 29. Ke2 h5 30. Nd2 Qxf3+ 31. Kxf3 Kd7 32. Ne4 Be7 33. Ke3 1/2-1/2

[Event "PRO League KO Stage 2018"]
[Site "San Francisco USA"]
[Date "2018.04.07"]
[Round "3"]
[White "Wang, Yue"]
[Black "Sebenik, Matej"]
[Result "1-0"]
[WhiteTitle "GM"]
[BlackTitle "GM"]
[WhiteElo "2690"]
[BlackElo "2562"]
[WhiteTeam "Chengdu Pandas"]
[BlackTeam "Ljubljana Turtles"]
[WhiteFideId "8601429"]
[BlackFideId "14602296"]
[EventDate "2018.03.13"]

1. c4 e6 2. Nf3 d5 3. g3 dxc4 4. Qa4+ Bd7 5. Qxc4 c5 6. Bg2 Bc6 7. O-O Nd7 8.
Nc3 Ngf6 9. Rd1 Rc8 10. e4 a6 11. Qe2 e5 12. d3 h6 13. a4 Bd6 14. Nh4 Nf8 15.
Nf5 Ne6 16. Be3 Nd4 17. Bxd4 cxd4 18. Nd5 Bxd5 19. exd5 O-O 20. Rac1 Rxc1 21.
Rxc1 Re8 22. Qc2 Bf8 23. Qc7 g6 24. Nh4 Qxc7 25. Rxc7 Rb8 26. Nf3 Bd6 27. Rc1
Kf8 28. Nd2 Ke7 29. a5 Nd7 30. Nc4 Rc8 31. f4 f6 32. Re1 Rc5 33. Be4 g5 34. fxg5
fxg5 35. Rf1 Rb5 36. Kg2 Bc7 37. Kh3 Nc5 38. Bg6 Bxa5 39. Rf7+ Kd8 40. d6 Ne6
41. Bf5 1-0

[Event "PRO League KO Stage 2018"]
[Site "San Francisco USA"]
[Date "2018.04.07"]
[Round "3"]
[White "Skuhala, Luka"]
[Black "Chu, Ruotong"]
[Result "1/2-1/2"]
[WhiteElo "2087"]
[BlackElo "2284"]
[WhiteTeam "Ljubljana Turtles"]
[BlackTeam "Chengdu Pandas"]
[WhiteFideId "14605678"]
[BlackFideId "8605653"]
[EventDate "2018.03.13"]

1. e4 e5 2. Nf3 Nf6 3. d4 Nxe4 4. Bd3 d5 5. Nxe5 Nd7 6. Nxd7 Bxd7 7. Nd2 Nf6 8.
Nf3 Bd6 9. Bg5 O-O 10. O-O Bg4 11. Re1 Be7 12. c3 Re8 13. h3 Bh5 14. Re3 Nd7 15.
Bxe7 Rxe7 16. Qe2 Rxe3 17. Qxe3 Qe8 18. Qf4 Bxf3 19. Qxf3 Nf6 20. Kf1 Ne4 21.
Bxe4 dxe4 22. Qe2 Qc6 23. Re1 f5 24. c4 Qf6 25. d5 h6 26. Qc2 b6 27. b4 a5 28.
a3 axb4 29. axb4 Qd4 30. Rd1 Ra1 31. Rxa1 Qxa1+ 32. Ke2 Qd4 33. Qa2 Kh7 34. g3
Qd3+ 35. Ke1 Qc3+ 36. Kf1 Qxb4 37. Kg2 Qc3 38. Qe2 Qd4 39. g4 fxg4 40. hxg4 b5
41. cxb5 Qxd5 42. Kh2 Kg6 43. Qc2 Qxb5 44. Qxe4+ Kf7 45. Qf4+ Kg8 46. Qxc7 Qe2
47. Qf4 1/2-1/2

[Event "PRO League KO Stage 2018"]
[Site "San Francisco USA"]
[Date "2018.04.07"]
[Round "3"]
[White "Grigoryan, Karen H."]
[Black "Chen, Forest"]
[Result "1/2-1/2"]
[WhiteTitle "GM"]
[WhiteElo "2571"]
[BlackElo "2107"]
[WhiteTeam "Armenia Eagles"]
[BlackTeam "Saint Louis Arch Bishops"]
[WhiteFideId "13301004"]
[BlackFideId "30908205"]
[EventDate "2018.03.13"]

1. Nf3 d5 2. g3 c6 3. Bg2 Bg4 4. O-O e6 5. d4 Nd7 6. Nbd2 Ngf6 7. Re1 Be7 8. e4
dxe4 9. Nxe4 Nxe4 10. Rxe4 Bf5 11. Re1 O-O 12. c3 Qb6 13. Nd2 Rfd8 14. a4 Nf6
15. Nc4 Qc7 16. Bf4 Qc8 17. a5 Nd5 18. Bd2 Nf6 19. Qb3 Nd5 20. a6 b5 21. Ne5 Bf6
22. c4 Bxe5 23. Rxe5 bxc4 24. Qxc4 Rb8 25. b4 Rb6 26. Ree1 Qb8 27. Ra4 Qd6 28.
Qc5 Bd3 29. Qxd6 Rxd6 30. Rea1 Rd8 1/2-1/2

[Event "PRO League KO Stage 2018"]
[Site "San Francisco USA"]
[Date "2018.04.07"]
[Round "3"]
[White "Skuhala, Luka"]
[Black "Wang, Yue"]
[Result "0-1"]
[BlackTitle "GM"]
[WhiteElo "2087"]
[BlackElo "2690"]
[WhiteTeam "Ljubljana Turtles"]
[BlackTeam "Chengdu Pandas"]
[WhiteFideId "14605678"]
[BlackFideId "8601429"]
[EventDate "2018.03.13"]

1. e4 c5 2. Nf3 e6 3. d4 cxd4 4. Nxd4 Nc6 5. Nc3 Qc7 6. Be3 a6 7. Qd2 Nf6 8.
O-O-O Bb4 9. f3 Ne7 10. a3 Bxc3 11. Qxc3 Qxc3 12. bxc3 d5 13. e5 Nd7 14. f4 b6
15. Bd3 Nc5 16. Rhf1 Bd7 17. g4 h5 18. h3 Rc8 19. Ne2 b5 20. Bd4 g6 21. Kd2 Ne4+
22. Bxe4 dxe4 23. Ng3 Bc6 24. gxh5 gxh5 25. Rde1 h4 26. Nxe4 Bxe4 27. Rxe4 Rc4
28. Ree1 Nf5 29. Bb6 Kd7 30. Ba5 Ra4 31. Bb4 a5 32. Bc5 Kc6 33. Bd6 Rd8 34. Kc1
Rg8 35. Rg1 Rxg1 36. Rxg1 Rxf4 37. Bf8 Rf3 38. Rh1 Rxc3 39. Kb2 Re3 40. Bd6 Nxd6
41. exd6 Kxd6 42. Rf1 f5 0-1

[Event "PRO League KO Stage 2018"]
[Site "San Francisco USA"]
[Date "2018.04.07"]
[Round "3"]
[White "Xu, Xiangyu"]
[Black "Borisek, Jure"]
[Result "1-0"]
[WhiteTitle "GM"]
[BlackTitle "GM"]
[WhiteElo "2545"]
[BlackElo "2576"]
[WhiteTeam "Chengdu Pandas"]
[BlackTeam "Ljubljana Turtles"]
[WhiteFideId "8608288"]
[BlackFideId "14603152"]
[EventDate "2018.03.13"]

1. g3 g6 2. Bg2 Bg7 3. Nf3 Nf6 4. d4 d5 5. O-O O-O 6. c4 c6 7. Qb3 Qb6 8. Nc3
Rd8 9. Rd1 Bf5 10. Ne1 dxc4 11. Qxc4 Na6 12. e4 Bg4 13. Nf3 Qb4 14. Qxb4 Nxb4
15. Be3 Nc2 16. Rac1 Nxe3 17. fxe3 e5 18. Rc2 Rd7 19. h3 Bxf3 20. Bxf3 Rad8 21.
Ne2 Re7 22. Nc3 Red7 23. Ne2 Ne8 24. d5 cxd5 25. exd5 e4 26. Bxe4 Re7 27. Bf3
Rxe3 28. Kf2 Re7 29. Rd3 Nd6 30. Re3 Rde8 31. Rxe7 Rxe7 32. b3 h5 33. a4 Be5 34.
g4 h4 35. Rc1 Kg7 36. Rc2 Kf6 37. Rc1 Kg5 38. Rc2 Bf4 39. Nxf4 Kxf4 40. Rd2 Re4
41. Bxe4 Nxe4+ 42. Kg2 Ke5 43. Rd1 f5 44. gxf5 gxf5 45. Rf1 Nd6 46. Kf3 Kxd5 47.
Kf4 Ne4 48. Rc1 Nf2 49. Kxf5 a5 50. Rc2 Nxh3 51. Kg4 Ng1 52. Rg2 Kd4 53. Rxg1
Kc3 54. Kxh4 Kxb3 55. Rg4 1-0

[Event "PRO League KO Stage 2018"]
[Site "San Francisco USA"]
[Date "2018.04.07"]
[Round "3"]
[White "Borisek, Jure"]
[Black "Wang, Yue"]
[Result "0-1"]
[WhiteTitle "GM"]
[BlackTitle "GM"]
[WhiteElo "2576"]
[BlackElo "2690"]
[WhiteTeam "Ljubljana Turtles"]
[BlackTeam "Chengdu Pandas"]
[WhiteFideId "14603152"]
[BlackFideId "8601429"]
[EventDate "2018.03.13"]

1. e4 e5 2. Nf3 Nf6 3. Nxe5 d6 4. Nf3 Nxe4 5. Nc3 Nxc3 6. dxc3 Be7 7. Be3 Nc6 8.
Qd2 Be6 9. O-O-O Qd7 10. b3 a6 11. h3 h5 12. Be2 O-O-O 13. Ng5 d5 14. Nxe6 fxe6
15. g4 hxg4 16. hxg4 Qd6 17. Kb1 Rxh1 18. Rxh1 d4 19. cxd4 Nxd4 20. Bxd4 Qxd4
21. Qxd4 Rxd4 22. f3 Rd2 23. Bc4 Kd7 24. Re1 e5 25. a4 Kd6 26. Re2 Rd1+ 27. Kb2
Bf6 28. Re4 Bg5 29. Be2 Rh1 30. b4 c6 31. c4 c5 32. b5 Bc1+ 33. Kc2 Bf4 34. Bd1
Rf1 35. Be2 Ra1 36. Kb3 Kc7 37. bxa6 bxa6 38. Bd3 Kb6 39. Re2 Ka5 40. Be4 Rd1
41. Kc2 Rd6 42. Kc3 g5 43. Rb2 Be3 44. Rb8 Kxa4 45. Rc8 Bd4+ 46. Kd3 a5 47. Rb8
Ka3 48. Bd5 a4 49. Ke4 Rf6 50. Kd3 Ka2 51. Kc2 Rh6 52. Rb7 a3 53. Be4 Rh2+ 54.
Kd3 Rb2 55. Ra7 Rb3+ 56. Kc2 Rc3+ 57. Kd2 Kb2 58. Rb7+ Rb3 0-1

[Event "PRO League KO Stage 2018"]
[Site "San Francisco USA"]
[Date "2018.04.07"]
[Round "3"]
[White "Grigoryan, Karen H."]
[Black "Swiercz, Dariusz"]
[Result "1-0"]
[WhiteTitle "GM"]
[BlackTitle "GM"]
[WhiteElo "2571"]
[BlackElo "2654"]
[WhiteTeam "Armenia Eagles"]
[BlackTeam "Saint Louis Arch Bishops"]
[WhiteFideId "13301004"]
[BlackFideId "1126881"]
[EventDate "2018.03.13"]

1. Nf3 d5 2. g3 g6 3. Bg2 Bg7 4. d4 Nf6 5. O-O O-O 6. c4 c6 7. Ne5 Be6 8. cxd5
Bxd5 9. Nf3 Ne4 10. Nc3 Nxc3 11. bxc3 c5 12. Qd3 cxd4 13. cxd4 Nc6 14. e4 Be6
15. Be3 Bg4 16. Rad1 Qa5 17. Qb1 Qh5 18. Qxb7 Na5 19. Qxe7 Nc4 20. Rc1 Rae8 21.
Qxa7 Nxe3 22. fxe3 Bh6 23. Rce1 Rxe4 24. Ng5 Ree8 25. Nxf7 Bxe3+ 26. Kh1 Be2 27.
Rf6 Bd2 28. Rg1 Bc4 29. Qd7 1-0

[Event "PRO League KO Stage 2018"]
[Site "San Francisco USA"]
[Date "2018.04.08"]
[Round "4"]
[White "Borisek, Jure"]
[Black "Chen, Forest"]
[Result "1-0"]
[WhiteTitle "GM"]
[WhiteElo "2576"]
[BlackElo "2107"]
[WhiteTeam "Ljubljana Turtles"]
[BlackTeam "Saint Louis Arch Bishops"]
[WhiteFideId "14603152"]
[BlackFideId "30908205"]
[EventDate "2018.03.13"]

1. e4 c6 2. d4 d5 3. e5 Bf5 4. Nf3 e6 5. Be2 Ne7 6. O-O c5 7. c4 Nbc6 8. Na3
dxc4 9. Nxc4 Nd5 10. Bg5 Qd7 11. Rc1 h6 12. Be3 b5 13. Na3 a6 14. dxc5 Be7 15.
Nc2 Nxe3 16. Nxe3 Be4 17. a3 Rd8 18. b4 Qc7 19. Qe1 Nxe5 20. Nxe5 Qxe5 21. a4
Bc6 22. axb5 axb5 23. Ra1 O-O 24. Ra6 Qc7 25. Qb1 Bg5 26. Rb6 Rb8 27. Rxb8 Qxb8
28. Rd1 Qb7 29. Bf1 Rd8 30. Nc2 e5 31. Rxd8+ Bxd8 32. Na3 Qa6 33. Qd3 Bg5 34.
Nxb5 Qa4 35. Qc4 Bd2 36. Nd6 Qxb4 37. Qxf7+ Kh7 38. Qf5+ Kh8 39. Qc8+ 1-0

[Event "PRO League KO Stage 2018"]
[Site "San Francisco USA"]
[Date "2018.04.08"]
[Round "4"]
[White "Akobian, Varuzhan"]
[Black "Sebenik, Matej"]
[Result "1-0"]
[WhiteTitle "GM"]
[BlackTitle "GM"]
[WhiteElo "2640"]
[BlackElo "2562"]
[WhiteTeam "Saint Louis Arch Bishops"]
[BlackTeam "Ljubljana Turtles"]
[WhiteFideId "13300580"]
[BlackFideId "14602296"]
[EventDate "2018.03.13"]

1. d4 Nf6 2. c4 e6 3. Nf3 d5 4. Nc3 Be7 5. Bg5 h6 6. Bh4 O-O 7. e3 b6 8. Rc1 Bb7
9. cxd5 exd5 10. Bd3 Nbd7 11. O-O c5 12. Bf5 Re8 13. Qa4 a6 14. dxc5 Nxc5 15.
Qc2 Nfe4 16. Bxe7 Qxe7 17. Rfd1 Rad8 18. b4 Nxc3 19. Qxc3 Ne4 20. Qc7 Qxc7 21.
Rxc7 Nd6 22. Nd4 Kf8 23. Rdc1 g6 24. Bd3 Re7 25. Kf1 Rxc7 26. Rxc7 Ke8 27. a4
Rc8 28. Rxc8+ Bxc8 29. Ke2 Bd7 30. a5 bxa5 31. bxa5 Bc8 32. Nc6 Kd7 33. Nb8+ Kc7
34. Nxa6+ Kc6 35. Nb4+ Kc5 36. Nc2 Nc4 37. Bxc4 Kxc4 38. Kd2 Kb5 39. Kc3 Kxa5
40. Kd4 Kb6 41. Ke5 Kc5 42. Kf6 g5 43. Kxf7 Kc4 44. Kg6 Kd3 45. Nd4 g4 46. Kxh6
Kd2 47. Kg5 Ke1 48. f4 gxf3 49. gxf3 Kf2 50. Kf4 Bh3 51. Nc6 Kg2 52. Ne7 Kxh2
53. Nxd5 1-0

[Event "PRO League KO Stage 2018"]
[Site "San Francisco USA"]
[Date "2018.04.08"]
[Round "4"]
[White "Borisek, Jure"]
[Black "Akobian, Varuzhan"]
[Result "1-0"]
[WhiteTitle "GM"]
[BlackTitle "GM"]
[WhiteElo "2576"]
[BlackElo "2640"]
[WhiteTeam "Ljubljana Turtles"]
[BlackTeam "Saint Louis Arch Bishops"]
[WhiteFideId "14603152"]
[BlackFideId "13300580"]
[EventDate "2018.03.13"]

1. e4 e6 2. d4 d5 3. Nd2 c5 4. exd5 Qxd5 5. Ngf3 cxd4 6. Bc4 Qd6 7. Bb3 Nc6 8.
Nc4 Qd8 9. O-O Bc5 10. Qe2 Nge7 11. Rd1 O-O 12. c3 Nf5 13. Bc2 Re8 14. b4 Bb6
15. b5 Nce7 16. Nxb6 Qxb6 17. Nxd4 Nxd4 18. Rxd4 Ng6 19. Be3 Qa5 20. h4 e5 21.
Rb4 h6 22. h5 Nf8 23. Qf3 Qc7 24. c4 e4 25. Qe2 b6 26. a4 Qe7 27. c5 Qh4 28.
cxb6 axb6 29. Bxb6 Bg4 30. Qe3 f5 31. Bd4 Kh7 32. b6 Ne6 33. b7 Rab8 34. Be5 Ng5
35. Qg3 Qxh5 36. Bxb8 Re6 37. Qh2 Qg6 38. Bg3 e3 39. Rxg4 1-0

[Event "PRO League KO Stage 2018"]
[Site "San Francisco USA"]
[Date "2018.04.08"]
[Round "4"]
[White "Akobian, Varuzhan"]
[Black "Lenic, Luka"]
[Result "0-1"]
[WhiteTitle "GM"]
[BlackTitle "GM"]
[WhiteElo "2640"]
[BlackElo "2662"]
[WhiteTeam "Saint Louis Arch Bishops"]
[BlackTeam "Ljubljana Turtles"]
[WhiteFideId "13300580"]
[BlackFideId "14603853"]
[EventDate "2018.03.13"]

1. d4 Nf6 2. c4 e6 3. Nc3 Bb4 4. Qc2 d5 5. a3 Bxc3+ 6. Qxc3 Ne4 7. Qc2 c5 8.
dxc5 Nc6 9. e3 Qa5+ 10. Bd2 Nxd2 11. Qxd2 dxc4 12. Qxa5 Nxa5 13. Rc1 b5 14. cxb6
Ba6 15. bxa7 Rxa7 16. Nf3 Ke7 17. Be2 Rb8 18. Rb1 Bb7 19. Nd2 Bxg2 20. Rg1 Bd5
21. e4 Bc6 22. Rxg7 Rab7 23. Rg3 Rxb2 24. Rxb2 Rxb2 25. Rc3 Ra2 26. f3 Bb5 27.
Bxc4 Nxc4 28. Nxc4 Rxh2 29. Ne5 f6 30. Ng4 Re2+ 31. Kd1 Ra2 32. Rc7+ Kd6 33.
Rxh7 Be2+ 34. Kc1 Bxf3 35. Nxf6 Ke5 36. Rh6 Kd4 37. Rh3 Rf2 38. Rh8 Be2 39. Rd8+
Kc3 40. Rc8+ Bc4 41. Rxc4+ Kxc4 42. Ng4 Rf4 43. Ne5+ Kc3 44. Kd1 Rxe4 45. Nc6
Ra4 46. Ke2 Kc4 47. Ne5+ Kd5 48. Nd3 Rxa3 49. Ke3 e5 50. Ke2 Kd4 51. Nb4 Ra4 52.
Nc6+ Ke4 53. Kd2 Ra2+ 54. Kc3 Ra6 55. Nb4 Rd6 56. Kc4 Rd4+ 57. Kc3 Rxb4 58. Kxb4
Kd3 0-1

[Event "PRO League KO Stage 2018"]
[Site "San Francisco USA"]
[Date "2018.04.08"]
[Round "4"]
[White "Wang, Yue"]
[Black "Andriasian, Zaven"]
[Result "1/2-1/2"]
[WhiteTitle "GM"]
[BlackTitle "GM"]
[WhiteElo "2690"]
[BlackElo "2586"]
[WhiteTeam "Chengdu Pandas"]
[BlackTeam "Armenia Eagles"]
[WhiteFideId "8601429"]
[BlackFideId "13302000"]
[EventDate "2018.03.13"]

1. d4 g6 2. Bf4 Bg7 3. e3 d6 4. h3 Nd7 5. Nf3 e5 6. Bh2 Ne7 7. Be2 O-O 8. c4 c6
9. Nc3 Re8 10. O-O Nf5 11. d5 c5 12. Qc2 h5 13. a3 Nf6 14. b4 b6 15. bxc5 bxc5
16. Rab1 e4 17. Nd2 Qe7 18. Bf4 Bh6 19. Bxh6 Nxh6 20. Rb2 g5 21. Rfb1 g4 22. h4
g3 23. fxg3 Nf5 24. Nf1 Qe5 25. Kf2 Nh6 26. Bd1 Bg4 27. Ne2 Bxe2 28. Bxe2 Nhg4+
29. Kg1 Kh7 30. Rb7 Re7 31. Qb2 Rxb7 32. Qxb7 Rf8 33. Qb2 Qf5 34. Bd1 Rg8 35.
Qd2 Ne5 36. Be2 Nfg4 37. Rb7 Qf2+ 38. Kh1 Rg7 39. Rb1 Rg6 40. Bxg4 Qxd2 41. Nxd2
Nxg4 42. Nxe4 Nxe3 43. Rb7 Kg7 44. Rxa7 Nxc4 45. a4 Ne3 46. a5 Rg4 47. Nxd6 Ra4
48. Rxf7+ Kg6 49. g4 Nxg4 50. Rf1 Ne3 51. Re1 Nxd5 52. Re5 Nf4 53. Rxc5 Ne6 54.
Re5 Rxh4+ 55. Kg1 Kf6 56. Re4 Rxe4 57. Nxe4+ Ke5 58. Nc3 Nc5 59. Kf2 Kd4 60.
Ne2+ Kc4 61. Ng3 h4 62. Nf5 Kb5 63. Nxh4 Kxa5 64. Kf3 Kb5 65. Kf4 Kc6 66. Ke5
Kd7 67. Kf6 Ne4+ 68. Kf5 Ng3+ 69. Kf4 Ne2+ 70. Ke3 Ng3 71. Kf3 Nh5 72. g4 Ng7
73. Ke4 Ke6 74. Ng6 Kf6 75. Nf4 Kg5 76. Kf3 Ne8 77. Kg3 Nf6 78. Ne6+ Kg6 79. g5
Ne4+ 80. Kf4 Nxg5 81. Nxg5 1/2-1/2

[Event "PRO League KO Stage 2018"]
[Site "San Francisco USA"]
[Date "2018.04.08"]
[Round "4"]
[White "Wang, Yue"]
[Black "Andriasian, Zaven"]
[Result "0-1"]
[WhiteTitle "GM"]
[BlackTitle "GM"]
[WhiteElo "2690"]
[BlackElo "2586"]
[WhiteTeam "Chengdu Pandas"]
[BlackTeam "Armenia Eagles"]
[WhiteFideId "8601429"]
[BlackFideId "13302000"]
[EventDate "2018.03.13"]

1. g3 e5 2. Bg2 Nc6 3. c4 g6 4. Nc3 Bg7 5. d3 d6 6. e4 Nge7 7. Nge2 O-O 8. O-O
Be6 9. Nd5 Qd7 10. Bg5 f6 11. Be3 f5 12. f4 Rae8 13. Qd2 Nd4 14. Nxd4 exd4 15.
Nxe7+ Rxe7 16. Bf2 fxe4 17. Bxe4 Bxc4 18. Bxb7 Be6 19. Bg2 c5 20. Rfe1 Rfe8 21.
b3 h5 22. Re2 Bf5 23. Rae1 Bf6 24. Rxe7 Rxe7 25. Be4 Kg7 26. Bxf5 gxf5 27. Rxe7+
Qxe7 28. Qd1 Kg6 29. Kg2 d5 30. h3 Qe6 31. Qe1 Qc6 32. Qe2 c4 33. dxc4 dxc4+ 34.
Qf3 Qc8 35. bxc4 Qxc4 36. Qa8 Qxa2 37. Qe8+ Qf7 38. Qc6 Kg7 39. Kf3 a5 40. Qb5
Qe6 41. Qd3 Qd5+ 42. Ke2 a4 43. Qa6 d3+ 44. Kd2 Qa2+ 45. Kxd3 Qxf2 46. g4 Qf1+ 0-1

[Event "PRO League KO Stage 2018"]
[Site "San Francisco USA"]
[Date "2018.04.08"]
[Round "4"]
[White "Wang, Yue"]
[Black "Grigoryan, Karen H."]
[Result "1-0"]
[WhiteTitle "GM"]
[BlackTitle "GM"]
[WhiteElo "2690"]
[BlackElo "2571"]
[WhiteTeam "Chengdu Pandas"]
[BlackTeam "Armenia Eagles"]
[WhiteFideId "8601429"]
[BlackFideId "13301004"]
[EventDate "2018.03.13"]

1. Nf3 g6 2. g3 Bg7 3. Bg2 e5 4. d3 d5 5. c4 dxc4 6. Qa4+ Nc6 7. Qxc4 Nge7 8.
Nc3 h6 9. Bd2 Be6 10. Qa4 O-O 11. Rc1 Nd4 12. O-O c6 13. Qa3 Nxf3+ 14. Bxf3 Nf5
15. Bg2 Re8 16. Ne4 Nd4 17. Rfe1 Bd5 18. e3 Ne6 19. Red1 f5 20. b4 Nc7 21. Nc5
b6 22. e4 Nb5 23. Qa4 Bf7 24. Nb3 Bxb3 25. Qxb3+ Kh8 26. exf5 Nd4 27. Qa3 gxf5
28. Re1 Qd6 29. Qa6 e4 30. dxe4 fxe4 31. Bc3 Qd5 32. Qb7 Rab8 33. Qc7 Rbc8 34.
Qf4 c5 35. Bxd4 Qxd4 36. bxc5 bxc5 37. Rxe4 Rxe4 38. Qxe4 Qxe4 39. Bxe4 c4 40.
Kg2 c3 41. Rc2 Kg8 42. f4 Kf7 43. Kf3 Ke7 44. Re2 Kd6 45. Bc2 Rb8 46. Bb3 Rb7
47. g4 Kc5 48. h4 Kd4 49. g5 hxg5 50. hxg5 Rxb3 51. axb3 Kd3 52. f5 c2 53. Rxc2
Kxc2 54. f6 Bh8 55. Ke4 Kxb3 56. Kf5 a5 57. g6 Bxf6 58. Kxf6 a4 59. g7 a3 60.
g8=Q+ Kb2 61. Qb8+ Kc2 62. Qc7+ Kb2 63. Qb6+ Kc2 64. Qc5+ Kb2 65. Qb4+ Ka2 66.
Ke5 1-0

[Event "PRO League KO Stage 2018"]
[Site "San Francisco USA"]
[Date "2018.04.08"]
[Round "4"]
[White "Chen, Forest"]
[Black "Lenic, Luka"]
[Result "0-1"]
[BlackTitle "GM"]
[WhiteElo "2107"]
[BlackElo "2662"]
[WhiteTeam "Saint Louis Arch Bishops"]
[BlackTeam "Ljubljana Turtles"]
[WhiteFideId "30908205"]
[BlackFideId "14603853"]
[EventDate "2018.03.13"]

1. d4 d5 2. c4 e6 3. Nf3 c6 4. Qc2 Nf6 5. g3 Be7 6. Bg2 O-O 7. O-O b6 8. Rd1
Nbd7 9. Bf4 Bb7 10. Ne5 Nxe5 11. dxe5 Nd7 12. cxd5 cxd5 13. e4 Rc8 14. Nc3 dxe4
15. Bxe4 Bxe4 16. Qxe4 Qc7 17. Nb5 Nc5 18. Qf3 Qb8 19. b4 Na6 20. a3 Nc7 21. Nc3
Rfd8 22. h4 Qa8 23. Rxd8+ Rxd8 24. Qxa8 Rxa8 25. Rd1 Kf8 26. Kg2 Ke8 27. Kf3 a5
28. bxa5 Rxa5 29. a4 Bb4 30. Rc1 Bxc3 31. Rxc3 Kd7 32. Rc4 h5 33. Ke4 Nd5 34.
Bd2 Ra8 35. a5 bxa5 36. Ra4 Rb8 37. Rxa5 Rb7 38. Ra8 Rb2 39. Ra7+ Kc6 40. Kd3
Rb7 41. Ra6+ Kd7 42. Ke4 Ne7 43. Rd6+ Ke8 44. Ba5 Nf5 45. Rd8+ Ke7 46. Rd2 Rb8
47. Bc7 Rc8 48. Bd6+ Ke8 49. Rb2 Rc4+ 50. Kf3 Rc8 51. Rb7 Rd8 52. Bb4 Rd7 53.
Rb8+ Rd8 54. Rb7 Rd4 55. Rb8+ Kd7 56. Rb7+ Kc6 57. Rb8 Kd5 58. Rb5+ Kc4 59. Rb7
Rd3+ 60. Kg2 Rb3 0-1

[Event "PRO League KO Stage 2018"]
[Site "San Francisco USA"]
[Date "2018.04.08"]
[Round "4"]
[White "Chen, Forest"]
[Black "Sebenik, Matej"]
[Result "0-1"]
[BlackTitle "GM"]
[WhiteElo "2107"]
[BlackElo "2562"]
[WhiteTeam "Saint Louis Arch Bishops"]
[BlackTeam "Ljubljana Turtles"]
[WhiteFideId "30908205"]
[BlackFideId "14602296"]
[EventDate "2018.03.13"]

1. d4 d6 2. c4 e5 3. Nf3 Nd7 4. Nc3 Ngf6 5. e4 g6 6. Be2 Bg7 7. O-O O-O 8. d5
Nc5 9. Qc2 a5 10. Be3 Ng4 11. Bxc5 dxc5 12. Ne1 Nh6 13. Rd1 f6 14. Nd3 b6 15. a3
Qe7 16. Nb5 f5 17. f3 Nf7 18. b4 axb4 19. axb4 Bh6 20. bxc5 Be3+ 21. Kh1 bxc5
22. Ra1 Rxa1 23. Rxa1 fxe4 24. fxe4 Ng5 25. Qc3 Nxe4 26. Qe1 Nf2+ 27. Nxf2 Bxf2
28. Qd2 e4 29. d6 Qf6 30. Rf1 c6 31. Nc3 e3 32. Qc2 Bf5 33. Qc1 Qxd6 34. Nd1 Bd3
35. Qb2 Bxe2 36. Qxe2 Qd4 37. Nxf2 Rxf2 38. Rxf2 exf2 39. Qe8+ Kg7 40. Qe7+ Kh6
41. Qf8+ Kg5 42. Qe7+ Kf5 43. g4+ Kxg4 44. h3+ Kf3 45. Qf7+ Ke2 46. Kg2 Qe4+ 47.
Kg3 f1=Q 0-1

[Event "PRO League KO Stage 2018"]
[Site "San Francisco USA"]
[Date "2018.04.08"]
[Round "4"]
[White "Swiercz, Dariusz"]
[Black "Borisek, Jure"]
[Result "1/2-1/2"]
[WhiteTitle "GM"]
[BlackTitle "GM"]
[WhiteElo "2654"]
[BlackElo "2576"]
[WhiteTeam "Saint Louis Arch Bishops"]
[BlackTeam "Ljubljana Turtles"]
[WhiteFideId "1126881"]
[BlackFideId "14603152"]
[EventDate "2018.03.13"]

1. Nf3 Nf6 2. c4 c5 3. Nc3 Nc6 4. e3 e6 5. d4 d5 6. cxd5 exd5 7. Bb5 cxd4 8.
Nxd4 Bd7 9. Be2 Bd6 10. Ndb5 Be5 11. Nxd5 Nxd5 12. Qxd5 O-O 13. O-O Be6 14. Qxd8
Raxd8 15. Nc3 Nb4 16. a3 Nc2 17. Rb1 b6 18. e4 Nxa3 19. Ra1 Nc4 20. Rxa7 Nxb2
21. Bxb2 Rd2 22. Ba3 Rb8 23. Rc1 Bxc3 24. Rxc3 Rxe2 25. f3 Ra2 26. Rcc7 Rd8 27.
Bd6 Rd2 28. e5 h5 29. h4 b5 30. Rab7 Ra8 31. Ra7 Rd8 32. Rcb7 Bc4 33. Kh2 Kh7
34. Kg3 Kg6 35. Rb6 Kf5 36. Ra1 Rc8 37. Re1 Be6 38. Rxb5 Rcc2 39. Rg1 Rd4 40.
Rb4 Rd3 41. Rf4+ Kg6 42. Rb4 Bd5 43. Rf4 Bc6 44. Rb4 Bd7 45. Bb8 Rdd2 46. Bd6
Ra2 47. Bb8 Be6 48. Bc7 Bf5 49. Bb8 Rf2 50. Ba7 Rfe2 51. Bb8 Rec2 52. Bd6 Ra8
53. Rb6 Be6 54. Rb4 Bf5 55. Rb6 Ra4 56. Be7+ Be6 57. Bf8 Rc3 58. Rb4 Ra8 59. Be7
Ra2 60. Rf4 Re2 61. Bd6 Rd3 62. Rb4 f6 63. Bb8 fxe5 64. Rbb1 e4 65. Rbe1 exf3
66. gxf3 Rxe1 67. Rxe1 Bd5 68. Rf1 Kf5 69. Bf4 Rb3 70. Bg5 1/2-1/2